Manual of Civil Courts Laws / (Record no. 613137)
[ view plain ]
| 000 -LEADER | |
|---|---|
| fixed length control field | 00358nam a22001337a 4500 |
| 082 ## - DEWEY DECIMAL CLASSIFICATION NUMBER | |
| Classification number | 347.549101 |
| Author Mark | AKH |
| 100 ## - MAIN ENTRY--PERSONAL NAME | |
| Personal name | Akhtar, Ifraz |
| 245 ## - TITLE STATEMENT | |
| Title | Manual of Civil Courts Laws / |
| Statement of responsibility, etc. | Ifraz Akhtar |
| 260 ## - PUBLICATION, DISTRIBUTION, ETC. | |
| Place of publication, distribution, etc. | Lahore : |
| Name of publisher, distributor, etc. | Capital Law Publishers, |
| Date of publication, distribution, etc. | 2021. |
| 300 ## - PHYSICAL DESCRIPTION | |
| Extent | 304 p. |
| 563 ## - BINDING INFORMATION | |
| Binding note | HB. |
| 650 ## - SUBJECT ADDED ENTRY--TOPICAL TERM | |
| Topical term or geographic name entry element | Law, Civil Courts Laws |
| 942 ## - ADDED ENTRY ELEMENTS (KOHA) | |
| Source of classification or shelving scheme | |
| Koha item type | Book |
| 650 ## - SUBJECT ADDED ENTRY--TOPICAL TERM | |
| -- | 128113 |
| Withdrawn status | Lost status | Source of classification or shelving scheme | Damaged status | Not for loan | Permanent Location | Current Location | Date acquired | Total Checkouts | Full call number | Barcode | Date last seen | Price effective from | Koha item type | Source of acquisition |
|---|---|---|---|---|---|---|---|---|---|---|---|---|---|---|
| NUST Law School (NLS) | NUST Law School (NLS) | 03/03/2025 | 347.549101 AKH | NLS-475 | 03/03/2025 | 03/03/2025 | Book | |||||||
| NUST Law School (NLS) | NUST Law School (NLS) | 03/03/2025 | 347.549101 AKH | NLS-476 | 03/03/2025 | 03/03/2025 | Book | |||||||
| NUST Law School (NLS) | NUST Law School (NLS) | 03/03/2025 | 347.549101 AKH | NLS-477 | 03/03/2025 | 03/03/2025 | Book | |||||||
| NUST Law School (NLS) | NUST Law School (NLS) | 06/25/2025 | 347.549101 AKH | NLS-1794 | 06/25/2025 | 06/25/2025 | Book | Pakistan Law House | ||||||
| NUST Law School (NLS) | NUST Law School (NLS) | 06/25/2025 | 347.549101 AKH | NLS-1795 | 06/25/2025 | 06/25/2025 | Book | Pakistan Law House | ||||||
| NUST Law School (NLS) | NUST Law School (NLS) | 06/25/2025 | 347.549101 AKH | NLS-1796 | 06/25/2025 | 06/25/2025 | Book | Pakistan Law House |
